000 00994nam a22002417a 4500
005 20110810094115.0
008 110810t xxu||||| |||| 00| 0 mar d
010 _aMAR-21218
020 _a9788174868251
_c140.00
035 _aMR-13876
037 _bDBAD/PUB
040 _aDPL
_bMR
082 _a891.4608
100 _932250
245 _aवाटा आणि मुकाम /
_cआशा बगे तथा {... } अन्य
246 _aVata Aani Mukkam
260 _aमुंबई
_bमौज प्रकाशन गृह
_c2009
270 _aखटाववाडी,गिरगाव
_bमुंबई
_e400004
300 _aआठ,154पृ.
_c22सेमी(अजिल्द)
700 _aबगे,आशा
_932329
942 _2ddc
_cMR
_h891.4608
_mवाटाआ
999 _c55194
_d55194